000
00306 a2200145 4500
001
168113
020
_a
040
_c
Magnum
100
_a
Valla, Victor Vicent (Org.)
240
1
0
_a
Saude e educacao
_l
por
245
1
0
_a
Saude e educacao
362
0
_a
1899
697
_a
PROBLEMAS SOCIAIS
942
_c
BK
999
_c
168113
_d
168113